02428nam a2200325 4500001000400000003000400004005001700008008004100025040000800066041001300074082001500087100003300102240002400135245008400159260004200243300001100285490002800296520155100324650002301875650002201898650002201920650001301942650001501955650003001970650001602000650001002016655001002026700003802036830002802074143OSt20250128102932.0250128b |||||||g |||| 00| j eng d bpor hengapor a823bC555p1 aChristie, Agatha,d1890-1976 aPoirot investigates aPoirot investiga /cChristie, Agatha ; Tradução de A. B. Pinheiro de Lemos aSão PaulobCírculo do Livroc1987 a236 p.1 aDetetive Hercule Poirot aPrimeiro, houve o mistério da estrela de cinema e do diamante... depois veio o "suicídio" que foi assassinato... o mistério do apartamento absurdamente barato... uma morte suspeita em uma sala de armas trancada... um roubo de títulos de um milhão de dólares... a maldição do túmulo de um faraó... um roubo de joias no mar... o sequestro de um primeiro-ministro... o desaparecimento de um banqueiro... um telefonema de um homem moribundo... e, finalmente, o mistério do testamento desaparecido. O que liga esses casos fascinantes? Apenas os brilhantes poderes dedutivos de Hercule Poirot! Os contos são: 1. A aventura de 'The Western Star', 2. A tragédia de Marsdon Manor, 3. A aventura do apartamento barato, 4. O mistério de Hunter's Lodge, 5. O roubo do título de um milhão de dólares, 6. A aventura do túmulo egípcio, 7. O roubo de joias no Grand Metropolitan, 8. O primeiro-ministro sequestrado, 9. O desaparecimento do Sr. Davenheim, 10. A aventura do nobre italiano e 11. O caso do testamento desaparecido. Nota do bibliotecário nº 1: além dos onze acima, havia mais três incluídos na versão americana do mesmo título um ano depois: 12. A caixa de chocolate, 13. A dama velada e 14. A mina perdida. Nota do bibliotecário nº 2: esta é a entrada para a coleção de contos, 'Poirot investiga'. As entradas para cada uma das histórias estão localizadas em outro lugar no Goodreads. Todos os 14 podem ser encontrados pesquisando no Goodreads por: 'a Hercule Poirot Short Story'. 0aLiteratura Inglesa 0aHistorias curtas  0aRomance Policial  0aSuspense 0aMistério 0aCrime e Investigação  0aClássicos 0aFilme 0aConto aA. B. Pinheiro de LemoseTradutor aDetetive Hercule Poirot